Detalles MARC
| 000 -Cabecera |
| Campo de control de longitud fija |
01696nam a22005537a 4500 |
| 005 - Fecha y hora de la última transacción |
| Campo de control |
20231110103245.0 |
| 008 - Elementos de longitud fija--Información general |
| Campo de control de longitud fija |
190114b2016 xxu||||| |||| 00| 0 spa d |
| 020 ## - International Standard Book Number |
| Número Internacional Estándar del Libro (ISBN) |
9786076223635 |
| 041 ## - Idioma |
| Código de idioma |
Español |
| 082 ## - Clasificación Decimal Dewey |
| Número de clasificación |
629.254.9 D415s4 |
| 100 ## - Entrada principal--Autor personal |
| Nombre personal |
Denton, Tom |
| 9 (RLIN) |
51626 |
| 245 ## - Título propiamente dicho |
| Título |
Sistema eléctrico y electrónico de automóvil. Tecnología automotriz: mantenimiento y reparación |
| 250 ## - Edición |
| Mención de edición |
4 edición |
| 260 ## - Pie de imprenta |
| Lugar de publicación, distribución, etc. |
México |
| 260 ## - Pie de imprenta |
| Nombre del editor, distribuidor, etc. |
Alfaomega |
| 260 ## - Pie de imprenta |
| Fecha de publicación, distribución, etc. |
2016 |
| 300 ## - Descripción física |
| Extensión |
744 páginas |
| 650 ## - Materia general |
| Temática (materia general) |
MOTORES |
| 650 ## - Materia general |
| Temática (materia general) |
SISTEMAS ELECTRÓNICOS |
| 650 ## - Materia general |
| Temática (materia general) |
MECÁNICA |
| 650 ## - Materia general |
| Temática (materia general) |
SISTEMA ELECTRÓNICO DEL AUTOMÓVIL |
| 650 ## - Materia general |
| Temática (materia general) |
CONTROL ELÉCTRICO |
| 650 ## - Materia general |
| Temática (materia general) |
CONTROL AUTOMÁTICO |
| 650 ## - Materia general |
| Temática (materia general) |
VEHÍCULOS ELÉCTRICOS |
| 650 ## - Materia general |
| Temática (materia general) |
TRABAJO CON SEGURIDAD |
| 650 ## - Materia general |
| Temática (materia general) |
ELECTRÓNICA DIGITAL |
| 650 ## - Materia general |
| Temática (materia general) |
SISTEMAS MICROPROCESADORES |
| 650 ## - Materia general |
| Temática (materia general) |
MEDICIÓN |
| 650 ## - Materia general |
| Temática (materia general) |
SENSORES |
| 650 ## - Materia general |
| Temática (materia general) |
ACTUADORES |
| 650 ## - Materia general |
| Temática (materia general) |
HERRAMIENTA Y EQUIPO |
| 650 ## - Materia general |
| Temática (materia general) |
COMBUSTIBLE ALTERNATIVO |
| 650 ## - Materia general |
| Temática (materia general) |
BATERÍA |
| 650 ## - Materia general |
| Temática (materia general) |
CARGA |
| 650 ## - Materia general |
| Temática (materia general) |
ARRANQUE |
| 650 ## - Materia general |
| Temática (materia general) |
ENCENDIDO |
| 650 ## - Materia general |
| Temática (materia general) |
CONTROL DE COMBUSTIBLE |
| 650 ## - Materia general |
| Temática (materia general) |
ILUMINACIÓN |
| 650 ## - Materia general |
| Temática (materia general) |
AUXILIARES |
| 650 ## - Materia general |
| Temática (materia general) |
EQUIPO DE INSTRUMENTOS |
| 650 ## - Materia general |
| Temática (materia general) |
ADMINISTRACIÓN DEL MOTOR |
| 650 ## - Materia general |
| Temática (materia general) |
AUXILIARES |
| 650 ## - Materia general |
| Temática (materia general) |
EQUIPO DE INSTRUMENTOS |
| 650 ## - Materia general |
| Temática (materia general) |
VENTILACIÓN |
| 650 ## - Materia general |
| Temática (materia general) |
CALEFACCIÓN |
| 650 ## - Materia general |
| Temática (materia general) |
AIRE ACONDICIONADO |
| 650 ## - Materia general |
| Temática (materia general) |
CHASIS ELÉCTRICO |
| 942 ## - Punto de acceso adicional KOHA |
| Tipo de ítem KOHA |
Libro |
| Fuente del sistema de clasificación o colocación |
Dewey Decimal Classification |